书目信息 |
| 题名: |
市场营销学
|
|
| 作者: | 刘传江 主编 | |
| 分册: | ||
| 出版信息: | 北京 中国人民大学出版社 2004 |
|
| 页数: | 314页 | |
| 开本: | 23cm | |
| 丛书名: | ||
| 单 册: | ||
| 中图分类: | F713.50 , F713.5 | |
| 科图分类: | ||
| 主题词: | 市场营销学--高等教育--教材 , 市场营销学 | |
| 电子资源: | ||
| ISBN: | 7-300-05626-1 | |
| 000 | 00944nam0 2200277 450 | |
| 000 | 00937nam0 2200265 450 | |
| 000 | 00867nam0 2200241 450 | |
| 000 | 00831nam0 2200229 45 | |
| 005 | 20070610110410.93 | |
| 010 | @a7-300-05626-1@dCNY26.00 | |
| 100 | @a20070608d2004 em y0chiy0120 ea | |
| 101 | 0 | @achi |
| 102 | @aCN@b110000 | |
| 105 | @ay z 000yy | |
| 200 | 1 | @a市场营销学@AShi Chang Ying Xiao Xue@f刘传江主编@FLiu Chuan Jiang Zhu Bian |
| 210 | @a北京@c中国人民大学出版社@d2004 | |
| 215 | @a314页@d23cm | |
| 300 | @a21世纪成人高等教育精品教材 | |
| 330 | @a本书系统地介绍了我国市场营销理论的基本内容,阐述了市场营销学的最新理论及其发展实践,涉及市场营销环境、市场竞争战略,及计划与控制等。 | |
| 606 | 0 | @a市场营销学@x高等教育@j教材 |
| 606 | 0 | @a市场营销学 |
| 690 | @aF713.50@v4 | |
| 690 | @aF713.5@v3 | |
| 701 | 0 | @a刘传江@ALiu Chuan Jiang@f(1966.9~)@4主编 |
| 801 | 0 | @aCN@bTAOJIN@c20070610 |
| 905 | @a10447@dF713.5@e313 | |
| 市场营销学/刘传江主编.-北京:中国人民大学出版社,2004 |
| 314页;23cm |
| 21世纪成人高等教育精品教材 |
| ISBN 7-300-05626-1:CNY26.00 |
| 本书系统地介绍了我国市场营销理论的基本内容,阐述了市场营销学的最新理论及其发展实践,涉及市场营销环境、市场竞争战略,及计划与控制等。 |
| ● |
| 相关链接 |
|
|
|
|
正题名:市场营销学
索取号:F713.5/313
 
预约/预借
| 序号 | 登录号 | 条形码 | 馆藏地/架位号 | 状态 | 备注 |
| 1 | 0527932 | 205279321 | 第一样本阅览室/ [索取号:F713.5/313] | 在馆 | |
| 2 | 0527933 | 205279330 | 第一借阅区/ [索取号:F713.5/313] | 在馆 | |
| 3 | 0527934 | 205279349 | 第一借阅区/ [索取号:F713.5/313] | 在馆 | |
| 4 | 0527935 | 205279358 | 第一借阅区/ [索取号:F713.5/313] | 在馆 | |
| 5 | 0527936 | 205279367 | 第一借阅区/ [索取号:F713.5/313] | 在馆 | |
| 6 | 0527937 | 205279376 | 第一借阅区/ [索取号:F713.5/313] | 在馆 | |
| 7 | 0527938 | 205279385 | 第一借阅区/ [索取号:F713.5/313] | 在馆 | |
| 8 | 0527939 | 205279394 | 第一借阅区/ [索取号:F713.5/313] | 在馆 |